000 00393nam a2200181Ia 4500
008 210210b1699 xxu||||| |||| 00| 0 eng d
041 _aeng
082 _a444/463
100 _aFENELON
245 _aLes adventures de telemaque
260 _aEdinburg
_b-
_c1699
650 _atelemaque
650 _aLes
650 _ade
650 _aadventures
690 _aFrench
906 _a006658
999 _c129648
_d129648